| 000 | 01517nam1a2200373 4500 | ||
|---|---|---|---|
| 001 | RU\NLR\BIBL_A\022707768 | ||
| 005 | 20260302163717.0 | ||
| 035 | _a(NLR Aleph) 022707768 | ||
| 090 |
_a13556473 _c13556473 |
||
| 100 | _a20260123g20259999u y0rusy50 ca | ||
| 101 | 0 | _arus | |
| 102 | _aRU | ||
| 105 | _a z | ||
| 181 | 0 |
_ai2 _baxxe |
|
| 181 | 0 |
_ab2 _bbb2e |
|
| 182 | 0 | _an | |
| 200 | 1 |
_aЕфимовы и Стуковы в истории России _eисторико-биографические очерки _eтрилогия _fСтукова Н. Ю. |
|
| 203 |
_aТекст _aИзображение _bвизуальные _cнепосредственные |
||
| 210 |
_aМосква _cАкадемия естествознания _d2025- |
||
| 215 | _d29 | ||
| 300 | _aЗагл. корешка.: Ефимовы и Стуковы | ||
| 516 | 1 | _aЕфимовы и Стуковы | |
| 602 |
_aЕфимовы _cсемья _2nlr_sh2 _3RU\NLR\AUTH\6601767025 |
||
| 602 |
_aСтуковы _cсемья _2nlr_sh2 _3RU\NLR\AUTH\6601767026 |
||
| 686 | 1 | _aТ214(2)7 | |
| 700 | 1 |
_aСтукова _bН. Ю. _cканд. мед. наук, иммунолог, биограф _f1961- _gНаталия Юрьевна _3RU\NLR\AUTH\770290471 |
|
| 722 |
_aЕфимовы _cрод _4280 |
||
| 722 |
_aСтуковы _cрод _4280 |
||
| 852 |
_aNLR _j2026-8/174 |
||
| 942 | _cBOOK | ||
| 980 | _aGENEAL02 | ||
| 980 | _aNB | ||